000 00804nam a2200205 a 4500
003 0
005 20250502141656.0
008 021114s19uu xx 00 eng d
050 _aPGS JF 1075
_b.T153 2002
100 _aTamargo, Keizha Beatrix.
245 _aImportance of a Federal government in our society /
_cKeizha Beatrix Tamargo.
260 _aLas PiƱas City, Philippines :
_bSouthville International School and Colleges,
_c2002.
300 _a16 pages :
_billustrations ;
_c28 cm.
504 _aIncludes bibliographic references.
650 _aFederal government
_vPublic opinion.
650 _aStudent attitudes
_vElementary education.
650 _aPolitical science
_vStudy and teaching (Elementary).
650 _aPhilippines
_vPolitics and government
_v21st century.
942 _2lcc
_cPASS
999 _c96661
_d96661